|
|
|
|
| LEADER |
00740cam a2200205 7i4500 |
| 001 |
0000028497 |
| 005 |
20200602090000.0 |
| 008 |
090703 eng |
| 020 |
|
|
|a 9783131425515 (hbk.)
|
| 090 |
0 |
0 |
|a RD533
|b .C47 2008
|
| 245 |
0 |
0 |
|a Cervical spine surgery challenges :
|b diagnosis and management
|c [edited by] Todd J. Albert, Joon Yung Lee, Moe R. Lim.
|
| 260 |
|
|
|a New York:
|b Thieme,
|c 2008.
|
| 300 |
|
|
|a xix, 238 p.:
|b ill.;
|c 29 cm.
|
| 504 |
|
|
|a Includes bibliographical references and index
|
| 650 |
0 |
0 |
|a Cervical vertebrae --
|x Surgery
|
| 700 |
1 |
|
|a Albert, Todd J
|
| 700 |
3 |
|
|a Lee, Joon Yung
|
| 700 |
3 |
|
|a Lim, Moe R
|
| 997 |
|
|
|a Health Sciences, Faculty
|
| 999 |
|
|
|a 0000039171
|b BOK
|c OPEN SHELF
|e 1st Floor, Shah Alam
|